ARRUPE JESUIT UNIVERSITY

CORONAVIRUS -STOP THE SPREAD - CLEAN,DISINFECT,COVER

devotion to Maria Bambina (Record no. 130457)

MARC details
000 -LEADER
fixed length control field 00452nam a22001337a 4500
008 - FIXED-LENGTH DATA ELEMENTS--GENERAL INFORMATION
fixed length control field 200319b ||||| |||| 00| 0 eng d
050 ## - LIBRARY OF CONGRESS CALL NUMBER
Classification number BX4477.5.M395
100 ## - MAIN ENTRY--PERSONAL NAME
Personal name Mascotti, Albarica
9 (RLIN) 49774
245 ## - TITLE STATEMENT
Title devotion to Maria Bambina
Remainder of title historical background and theological reflections
Statement of responsibility, etc Albaria Mascotti et al...
260 ## - PUBLICATION, DISTRIBUTION, ETC. (IMPRINT)
Place of publication, distribution, etc Milan
Date of publication, distribution, etc 1984
300 ## - PHYSICAL DESCRIPTION
Extent 216p. ;
Dimensions 21cm.
650 ## - SUBJECT ADDED ENTRY--TOPICAL TERM
Topical term or geographic name as entry element Sisters of charity (Milan)
General subdivision History
9 (RLIN) 49775
942 ## - ADDED ENTRY ELEMENTS (KOHA)
Source of classification or shelving scheme Library of Congress Classification
Item type Monograph ( Printed materials)
Holdings
Withdrawn status Lost status Source of classification or shelving scheme Damaged status Not for loan Collection code Home library Current library Shelving location Date acquired Total Checkouts Full call number Barcode Date last seen Price effective from Koha item type
    Library of Congress Classification     Main Collection ARRUPE LIBRARY ARRUPE LIBRARY Main Collection 19/03/2020   BX4477.5.M395 46600007264 19/03/2020 19/03/2020 Monograph ( Printed materials)

 

Arrupe Library. PO Box MP320 Mt Pleasant, Harare, Zimbabwe
263 242 745411|librarian@aju.ac.zw